|
|
|
|
| LEADER |
00000nam0a2200000 4500 |
| 001 |
347505 |
| 005 |
20250428140033.0 |
| 035 |
|
|
|a (RuTPU)RU\TPU\book\379420
|
| 090 |
|
|
|a 347505
|
| 100 |
|
|
|a 20220419d2022 k y0rusy50 ca
|
| 101 |
0 |
|
|a rus
|
| 102 |
|
|
|a RU
|
| 105 |
|
|
|a a dm 001zy
|
| 200 |
1 |
|
|a Экогеохимия компонентов природной среды центральной части Кольского региона
|e автореферат диссертации на соискание ученой степени кандидата геолого-минералогических наук
|e спец. 1.6.21
|f Д. А. Воробьёва
|g Национальный исследовательский Томский политехнический университет ; науч. рук. Н. В. Гусева
|
| 210 |
|
|
|a Томск
|c [Б. и.]
|d 2022
|
| 215 |
|
|
|a 23 с.
|c ил.
|
| 300 |
|
|
|a Защита сост. 06.06.2022 г.
|
| 320 |
|
|
|a Библиогр.: с. 22-23 (14 назв.)
|
| 452 |
|
1 |
|0 (RuTPU)RU\TPU\retro\25733
|t Экогеохимия компонентов природной среды центральной части Кольского региона
|o автореферат диссертации на соискание ученой степени кандидата геолого-минералогических наук
|o спец. 1.6.21
|f Д. А. Воробьёва
|g Национальный исследовательский Томский политехнический университет ; науч. рук. Н. В. Гусева
|c Томск
|d 2022
|a Воробьёва, Дарья Андреевна
|
| 606 |
1 |
|
|a Экологическая геохимия
|2 stltpush
|3 (RuTPU)RU\TPU\subj\72093
|9 85680
|
| 610 |
1 |
|
|a авторефераты диссертаций
|
| 610 |
1 |
|
|a труды учёных ТПУ
|
| 610 |
1 |
|
|a экогеохимия
|
| 610 |
1 |
|
|a компоненты
|
| 610 |
1 |
|
|a природные среды
|
| 610 |
1 |
|
|a центральные части
|
| 610 |
1 |
|
|a Кольский регион
|
| 610 |
1 |
|
|a территории
|
| 610 |
1 |
|
|a почвенные исследования
|
| 610 |
1 |
|
|a трансформация
|
| 610 |
1 |
|
|a эколого-геохимическая характеристика
|
| 610 |
1 |
|
|a природные воды
|
| 610 |
1 |
|
|a биотестирование
|
| 610 |
1 |
|
|a экосистемы
|
| 610 |
1 |
|
|a почвенный покров
|
| 610 |
1 |
|
|a окружающая среда
|
| 610 |
1 |
|
|a химический состав
|
| 675 |
|
|
|a 550.4(04)
|v 4
|
| 686 |
|
|
|a 25.00.36
|2 oksvnk
|
| 700 |
|
1 |
|a Воробьёва
|b Д. А.
|c гидрогеолог
|c инженер Томского политехнического университета
|f 1993-
|g Дарья Андреевна
|3 (RuTPU)RU\TPU\pers\35382
|
| 702 |
|
1 |
|a Гусева
|b Н. В.
|c гидрогеолог
|c профессор Томского политехнического университета, доктор геолого-минералогических наук
|f 1984-
|g Наталья Владимировна
|3 (RuTPU)RU\TPU\pers\27100
|4 727
|9 12650
|
| 712 |
0 |
2 |
|a Национальный исследовательский Томский политехнический университет
|c (2009- )
|3 (RuTPU)RU\TPU\col\15902
|9 26305
|
| 801 |
|
1 |
|a RU
|b 63413507
|c 20220419
|
| 801 |
|
2 |
|a RU
|b 63413507
|c 20220606
|g RCR
|
| 850 |
|
|
|a 63413507
|
| 942 |
|
|
|c BK
|